| 000 | 00484ntaaa2200193 4500 | ||
|---|---|---|---|
| 003 | 01 | ||
| 005 | 20251027202719.0 | ||
| 008 | 0714s1973 ag 01 | ||
| 040 |
_aAR-BaBN _bspa _cAR-BaBN _eaacr _dRIC |
||
| 082 | _a611.0000 G81 | ||
| 100 |
_aGrenfell, Wilfred Thomason _926891 |
||
| 245 | _aYourself and your body | ||
| 250 | _a1 ed. | ||
| 260 |
_aLondon : _bHodder and Stoughton, _cc1924 |
||
| 300 |
_a317 p ; _cilu |
||
| 650 | _acuerpo humano | ||
| 650 | _aanatomÃa | ||
| 942 | _cBK | ||
| 999 |
_c22330 _d22330 |
||